Diskusia

Bibliographic Details
Main Authors: Svetoň, Ľuboš, 1962- (Author), Marušiak, Jozef, 1932-2018 (Author), Červeňák, Andrej, 1932-2012 (Author), Ferko, Miloš, 1974- (Author), Hykisch, Anton, 1932-2024 (Author), Timura, Viktor, 1938- (Author), Škotka, Marian, 1963- (Author)
Format: Article
Language:Slovak
PhysicalDescription:Fotogr.
ISSN:1335-180X
Subjects:

MARC

LEADER 00000nab a2200000 a 4500
001 vtls000666330
003 SK-MaSNL
005 20260304090957.0
008 250425c1998 xo 0 slo
015 |a SNBRA1998/07-18694 
035 |a CLN000018514 
035 |a urn:nbn:sk:snk-ab7eae 
035 |a (uuid)3923d23f-2124-49ee-b517-d514407344fa 
035 |a (urnnbn)urn:nbn:sk:snk:ar-a07ws0 
035 |a (sysno)vtls000666330 
040 |a SNKBUCL  |b slo  |c SNKBUCL  |e AACR2 
041 0 |a slo 
044 |a xo  |c SK 
080 |a 82.09:885.4-3  |2 1997 
080 |a 885.4-3.09  |2 1997 
245 0 0 |a Diskusia  |c Ľuboš Svetoň ... [et al.] 
300 |b Fotogr. 
650 0 7 |a literatúra slovenská  |x próza  |y 1997  |x diskusie  |2 snkbucl  |9 1382733 
655 7 |a články z novín a časopisov  |2 snkbucl  |9 267496 
700 1 |a Svetoň, Ľuboš,  |d 1962-  |4 aut  |9 103945 
700 1 |a Marušiak, Jozef,  |d 1932-2018  |4 aut  |9 108614 
700 1 |a Červeňák, Andrej,  |d 1932-2012  |4 aut  |9 153402 
700 1 |a Ferko, Miloš,  |d 1974-  |4 aut  |9 103967 
700 1 |a Hykisch, Anton,  |d 1932-2024  |4 aut  |9 99016 
700 1 |a Timura, Viktor,  |d 1938-  |4 aut  |9 113016 
700 1 |a Škotka, Marian,  |d 1963-  |4 aut  |9 450051 
773 0 |t Literika  |g Roč. 3, č. 2 (1998), s. 55-60  |x 1335-180X 
850 |a Slovenská národná knižnica 
852 |a Slovenská národná knižnica 
954 |a odborná, vedecká literatúra pôvodná (slovenská)  |2 lita 
958 |a article27 
958 |a LX 
958 |a SK 
958 |a OND 
958 |a EUIPO 
999 |c 2813557  |d 2815487